Method Of Valuation

Bibliographic Details
Main Author: Lim, Mau Chin
Format: Book
Published: Kuala Lumpur : Bahagian Penilaian Perbendaharaan Malaysia , 1985
Subjects:

MARC

LEADER 00000cam a2200000 7i4500
001 0000016105
005 20060103.0
040 |a INS 
090 0 0 |a KK80 
100 1 |a Lim, Mau Chin 
245 1 0 |a Method Of Valuation   |c Lim Mau Chin 
260 |a Kuala Lumpur :   |b Bahagian Penilaian Perbendaharaan Malaysia ,   |c 1985 
300 |a V.[various pagings] ;   |c 33cm. 
650 0 0 |a Valuation methods 
999 |a KK00000249   |b BOOK   |c Course Notes   |e Default branch 
999 |a KK00000250   |b BOOK   |c Course Notes   |e Default branch 
999 |a KK00000251   |b BOOK   |c Course Notes   |e Default branch